L'art cinématographique. (Record no. 182239)

MARC details
000 -LEADER
campo de control de longitud fija 00519nam a2200157 i 4500
001 - NÚMERO DE CONTROL
campo de control 182239
003 - IDENTIFICADOR DE NÚMERO DE CONTROL
campo de control ES-MaACL
005 - FECHA Y HORA DE LA ÚLTIMA TRANSACCIÓN
campo de control 20230906221549.0
008 - DATOS DE LONGITUD FIJA--INFORMACIÓN GENERAL
campo de control de longitud fija 130723s1929 fr |||| | fre d
100 1# - ENTRADA PRINCIPAL--NOMBRE DE PERSONA
Nombre de persona Meunier-Surcouf, Charles (
Fechas asociadas al nombre 1869-1956)
9 (RLIN) 153077
245 12 - MENCIÓN DEL TÍTULO
Título L'art cinématographique.
Número de parte o sección de la obra V,
Nombre de parte o sección de la obra Hollywood au ralenti / C. Meunier-Surcouf.
260 ## - PUBLICACIÓN, DISTRIBUCIÓN, ETC.
Lugar de publicación, distribución, etc. Paris :
Nombre del editor, distribuidor, etc. Félix Alcan,
Fecha de publicación, distribución, etc. 1929.
300 ## - DESCRIPCIÓN FÍSICA
Extensión XII, 143 p., VIII h. de lám. ;
Dimensiones 19 cm.
650 ## - PUNTO DE ACCESO ADICIONAL DE MATERIA--TÉRMINO DE MATERIA
Término de materia o nombre geográfico como elemento de entrada Cine-
Subdivisión geográfica Estados Unidos.
9 (RLIN) 171050
852 ## - LOCALIZACIÓN
Ubicación ES-MaACL
Número de control de estantería C-7032
Holdings
Estatus retirado Estado de pérdida Estado de daño No para préstamo Biblioteca de origen Biblioteca actual Ubicación en estantería Fecha de adquisición Fuente de adquisición Total de préstamos Signatura topográfica completa Código de barras Visto por última vez Precio de reemplazo Tipo de ítem Koha
        Biblioteca del Ateneo de Madrid Biblioteca del Ateneo de Madrid Sala Palomar 23/07/2013     C-7032 1191514 23/02/2023 23/02/2023 Libro impreso